Možnosti využitia tvorivého písania v slohovom vyučovaní

Bibliographic Details
Main Author: Klimovič, Martin, 1978- (Author)
Format: Electronic Article
Language:Slovak
PhysicalDescription:Tabuľky
ISBN:808068362X
Subjects:
Online Access:https://www.unipo.sk/public/media/11314/Slovo o slove 11 - 2005.pdf

MARC

LEADER 00000nab a2200000 4500
001 vtls012059914
003 SK-MaSNL
005 20260309144349.0
008 210624|2005 xo |||| ||an ||00 0|slo
015 |a SNBRB2021/06 
040 |a SPKCL  |b slo  |e rda 
041 |a slo 
044 |a xo  |c SK 
072 7 |a 811.162.4  |x Slovenčina  |2 konspekt 
080 |a 811.162.4:373.3  |2 2011 
080 |a 808.1  |2 2011 
080 |a 81´42:37.016  |2 2011 
100 1 |a Klimovič, Martin,  |d 1978-  |4 aut  |9 190746 
245 1 0 |a Možnosti využitia tvorivého písania v slohovom vyučovaní  |c Martin Klimovič 
300 |b Tabuľky 
336 |a text  |b txt  |2 rdacontent 
337 |a počítač  |b nc  |2 rdamedia 
338 |a online zdroj  |b cr  |2 rdacarrier 
504 |a Obsahuje bibliografiu 
650 0 7 |a sloh (vyučovací predmet)  |2 SNKPH  |9 19939 
650 0 7 |a kreativita  |2 SNKPH  |9 4339 
650 0 7 |a tvorivé písanie  |2 SNKPH  |9 68060 
650 0 7 |a žiaci  |2 SNKPH  |9 16621 
655 7 |a BZB  |2 SNKPH  |9 1080216 
773 0 |t Slovo o slove: Zborník Katedry komunikačnej a literárnej výchovy Pedagogickej fakulty Prešovskej univerzity (online)  |d Prešov : Prešovská univerzita, 2005  |g S. 108-114  |z 808068362X 
856 4 1 |u https://www.unipo.sk/public/media/11314/Slovo o slove 11 - 2005.pdf 
958 |a NB 
999 |c 3364785  |d 3366715